Métamorphose de la littérature / (Record no. 34668)
[ view plain ]
| 000 -LEADER | |
|---|---|
| campo de control de longitud fija | 00853nam a2200253 i 4500 |
| 001 - NÚMERO DE CONTROL | |
| campo de control | 34668 |
| 003 - IDENTIFICADOR DE NÚMERO DE CONTROL | |
| campo de control | ES-MaACL |
| 005 - FECHA Y HORA DE LA ÚLTIMA TRANSACCIÓN | |
| campo de control | 20230906154957.0 |
| 007 - CAMPO FIJO DE DESCRIPCIÓN FÍSICA--INFORMACIÓN GENERAL | |
| campo de control de longitud fija | t| |
| 008 - DATOS DE LONGITUD FIJA--INFORMACIÓN GENERAL | |
| campo de control de longitud fija | 030207s1973 fr ||||1| fre d |
| 100 1# - ENTRADA PRINCIPAL--NOMBRE DE PERSONA | |
| Nombre de persona | Boisdeffre, Pierre de. |
| 9 (RLIN) | 29859 |
| 245 10 - MENCIÓN DEL TÍTULO | |
| Título | Métamorphose de la littérature / |
| Mención de responsabilidad, etc. | Pierre de Boisdeffre. |
| 250 ## - MENCION DE EDICION | |
| Mención de edición | Ed. rev. et mise áa jour. |
| 260 ## - PUBLICACIÓN, DISTRIBUCIÓN, ETC. | |
| Lugar de publicación, distribución, etc. | Verviers : |
| Nombre del editor, distribuidor, etc. | Marabout, |
| Fecha de publicación, distribución, etc. | [1973] |
| 300 ## - DESCRIPCIÓN FÍSICA | |
| Extensión | 1 v. ; |
| Dimensiones | 18 cm. |
| 490 1# - MENCIÓN DE SERIE | |
| Mención de serie | Marabout université ; |
| Designación de volumen o secuencia | 246 |
| 505 8# - NOTA DE CONTENIDO CON FORMATO | |
| Nota de contenido con formato | Contiene: T. I: Barrès, Gide, Mauriac, Bernanos, Montherlant, Malraux |
| 650 #4 - PUNTO DE ACCESO ADICIONAL DE MATERIA--TÉRMINO DE MATERIA | |
| Término de materia o nombre geográfico como elemento de entrada | Literatura francesa- |
| Subdivisión cronológica | S.XX- |
| Subdivisión general | Historia y crítica. |
| 9 (RLIN) | 14593 |
| 700 1# - ENTRADA AGREGADA--NOMBRE PERSONAL | |
| Nombre de persona | Núñez, Luis. |
| 9 (RLIN) | 86161 |
| 700 1# - ENTRADA AGREGADA--NOMBRE PERSONAL | |
| Nombre de persona | Martín Baro, Luis Alberto. |
| 9 (RLIN) | 77410 |
| 830 0# - PUNTO DE ACCESO ADICIONAL DE SERIE-TÍTULO UNIFORME | |
| Título uniforme | Marabout université ; |
| Designación de volumen o secuencia | 246 |
| 9 (RLIN) | 185199 |
| 852 ## - LOCALIZACIÓN | |
| Ubicación | ES-MaACL |
| Número de control de estantería | P-62 |
| Sublocalización o colección | R.113233 |
| Estatus retirado | Estado de pérdida | Estado de daño | No para préstamo | Biblioteca de origen | Biblioteca actual | Ubicación en estantería | Fecha de adquisición | Fuente de adquisición | Total de préstamos | Signatura topográfica completa | Código de barras | Visto por última vez | Precio de reemplazo | Tipo de ítem Koha |
|---|---|---|---|---|---|---|---|---|---|---|---|---|---|---|
| Biblioteca del Ateneo de Madrid | Biblioteca del Ateneo de Madrid | Depósito 2 | 17/01/2008 | P-62 | 1036165 | 23/02/2023 | 23/02/2023 | Libro impreso |
